Sculptured sandcast candles.

Bibliographic Details
Main Author: Koeppel, Gary, 1938-
Format: Book
Language:English
Published: Philadelphia : Chilton Book Co., [1972]
Edition:[1st ed.].
Subjects:

MARC

Tag First Indicator Second Indicator Subfields
LEADER 00000cam a2200000 4500
001 in00000094349
005 20150927110434.0
008 720906s1972 paua 00000 eng
010 |a  72008484  
020 |a 0801957486 
020 |a 0801957494 (pbk) 
035 |a (OCoLC)00416962 
035 |9 AAL6214AM 
037 |c $9.95 
040 |a DLC  |c DLC  |d TXA  |d UtOrBLW 
049 |a TXAM  |c [1017020] 
050 0 0 |a TT896.5  |b .K64 
082 0 |a 745.59/3 
100 1 |a Koeppel, Gary,  |d 1938- 
245 1 0 |a Sculptured sandcast candles. 
250 |a [1st ed.]. 
264 1 |a Philadelphia :  |b Chilton Book Co.,  |c [1972] 
300 |a xiii, 124 pages :  |b illustrations (part color) ;  |c 26 cm. 
336 |a text  |b txt  |2 rdacontent 
337 |a unmediated  |b n  |2 rdamedia 
338 |a volume  |b nc  |2 rdacarrier 
650 0 |a Candles. 
650 0 |a Sand sculpture. 
999 |a MARS 
999 f f |s cb8ada2d-b0cd-3593-bedc-68299166ef48  |i daa72a11-f806-30e0-a0c5-9eaebfeee6cc  |t 0 
952 f f |p normal  |a Texas A&M University  |b College Station  |c Sterling C. Evans Library  |d Evans: Library Stacks  |t 0  |e TT896.5 .K64  |h Library of Congress classification  |i unmediated -- volume  |m A14805667113 
998 f f |a TT896.5 .K64  |t 0  |l Evans: Library Stacks